000 00902nam a22002411c 4500
001 a987677166
008 160920s2004 gw |||| 000u rus d
020 _a5873171750
_95-87317-175-0
041 _arus
245 0 0 _aLegendarnyj baron :
_bneizvestnye stranicy graždanskoj vojny /
_cUngern fon Štërnberg, Roman F.; Tornovskij, Michail Georgievič (Verfasser); Kuz'min, Sergej L. (Hrsg.)
264 _aMoskva :
_bTovariščestvo naučnych izdanij KMK,
_c2004
600 0 _aUngern fon Štërnberg, Roman F.
600 0 _aTornovskij, Michail Georgievič
650 0 _aRussischer Bürgerkrieg <1917-1921>
651 0 _aMongolei
700 1 _aKuz'min, Sergej L.
_eHerausgeberIn
700 1 _aTornovskij, Michail Georgievič
_eHerausgeberIn
700 1 _aUngern fon Štërnberg, Roman F.
_eHerausgeberIn
942 _cMG
040 _cRU-10907106
003 RU-10907106
999 _c39259
_d39259
490 0 _aSfera Evrazii